| 000 | 00569nam a2200217 a 4500 | ||
|---|---|---|---|
| 999 |
_c11466 _d11466 |
||
| 001 | 11466 | ||
| 003 | BD-JhCC | ||
| 005 | 20211005134020.0 | ||
| 008 | 190624r 2013ii |||| ||a| 001 0 eng d | ||
| 020 | _a9780070141698 | ||
| 035 | _a(BD-JhCC)11466 | ||
| 040 |
_aBD-JhCC _dBD-JhCC |
||
| 041 | _aeng | ||
| 082 |
_a005.133 _bBAL 2013 |
||
| 100 | _aBalagurusamy, E. | ||
| 245 |
_aProgramming with Java : _bA primer / _cE Balagurusamy . |
||
| 260 |
_aNew Delhi : _bMcGraw Hill Education; _c2013. |
||
| 300 |
_a454 p. : _c26 cm. |
||
| 942 |
_2ddc _cBK _02 |
||